000 00371nam a22001577a 4500
003 OSt
005 20231221072056.0
008 231221b |||||||| |||| 00| 0 eng d
020 _a81-88222-00-24
040 _cIIMT UNIVERSITY
100 _aPANDEY, D.C
245 _aMECHANICS VOL. 1
260 _aMEERUT
_bARIHANT PUBLICATION
_c2002
300 _a444
942 _2ddc
_c09
999 _c57847
_d57847